| Tag |
First Indicator |
Second Indicator |
Subfields |
| LEADER |
00000cam a2200000Ia 4500 |
| 001 |
in00002003013 |
| 005 |
20151031135012.0 |
| 008 |
861007s1985 mauab b 000 0 eng d |
| 027 |
|
|
|a WHOI-85-39
|
| 035 |
|
|
|a (OCoLC)ocm14352126
|
| 040 |
|
|
|a AEE
|c AEE
|d TXA
|d UtOrBLW
|
| 049 |
|
|
|a TXAM
|
| 090 |
|
|
|a GC1
|b .W582 no. 85-39
|
| 100 |
1 |
|
|a Tarbell, Susan.
|
| 245 |
1 |
2 |
|a A compilation of moored current meter and wind recorder data :
|b volume XXXVIII, Long-Term Upper Ocean Study (LOTUS) : (Moorings 787, 788, 789, 790, 792) : April 1983-May 1984 /
|c by Susan A. Tarbell, Ellyn T. Montgomery and Melbourne G. Briscoe.
|
| 264 |
|
1 |
|a Woods Hole, Mass. :
|b Woods Hole Oceanographic Institution,
|c 1985.
|
| 300 |
|
|
|a 162 pages :
|b illustrations, maps ;
|c 28 cm.
|
| 336 |
|
|
|a text
|b txt
|2 rdacontent
|
| 337 |
|
|
|a unmediated
|b n
|2 rdamedia
|
| 338 |
|
|
|a volume
|b nc
|2 rdacarrier
|
| 490 |
1 |
|
|a WHOI ;
|v 85-39.
|a Technical report
|
| 500 |
|
|
|a "December 1985"
|
| 500 |
|
|
|a NTIS number: AD-A163897.
|
| 504 |
|
|
|a Includes bibliographical references (pages 29-30).
|
| 536 |
|
|
|a Funding provided by the Office of Naval Research.
|b N00014-76-C-0197, NR 083-400
|b N00014-84-C-0134, NR 083-400
|
| 610 |
2 |
0 |
|a Long Term Upper Ocean Study (LOTUS)
|
| 650 |
|
0 |
|a Ocean temperature.
|
| 650 |
|
0 |
|a Ocean currents.
|
| 650 |
|
0 |
|a Ocean-atmosphere interaction.
|
| 650 |
|
0 |
|a Deep-sea moorings.
|
| 700 |
1 |
|
|a Montgomery, Ellyn T.
|
| 700 |
1 |
|
|a Briscoe, Melbourne G.
|
| 710 |
2 |
|
|a Woods Hole Oceanographic Institution.
|
| 830 |
|
0 |
|a Woods Hole Oceanographic Institution (Series) ;
|v no. 85-39.
|
| 830 |
|
0 |
|a Technical report (Woods Hole Oceanographic Institution)
|
| 948 |
|
|
|a cataloged
|b h
|c 2004/11/10
|d c
|e mphillip
|f 5:59:22 pm
|
| 994 |
|
|
|a E0
|b TXA
|
| 999 |
|
|
|a MARS
|
| 999 |
f |
f |
|s 7f2f77f6-f85e-32f6-956d-4ec1f231f8d2
|i b8901ff8-762c-3f20-a667-f6176cff60e7
|t 0
|
| 952 |
f |
f |
|p ric
|a Texas A&M University
|b Rellis Campus
|c Joint Library Facility
|d Remote Storage
|t 0
|e GC1 .W582 no.85-39
|h Library of Congress classification
|i unmediated -- volume
|m A14831606399
|
| 998 |
f |
f |
|a GC1 .W582 no.85-39
|t 0
|l Remote Storage
|